000 00293nam a2200109Ia 4500
008 200302s9999 xx 000 0 und d
100 _aDennis Sharp & Others
245 _aKisho Kurokawa Kuala Lumpur International Airport
260 _bAxel Menges, Stuttgart
260 _c1999
300 _a47 P.,
999 _c5529
_d5529